| 000 | 00419cam a22001337a 4500 | ||
|---|---|---|---|
| 008 | 180718b1958 xxu||||| |||| 00| 0 eng d | ||
| 082 | _aG93x54 S73 | ||
| 100 | _aSarkar, U.C. | ||
| 245 |
_aEpochs in hindu legal history _cby U.C. Sarkar |
||
| 260 |
_aHoshiarpur _bVishveshvaranand Vedic Research Institute _c1958 |
||
| 300 | _axvi, 440p | ||
| 440 | _aVishveshvaranand Indological Series-8 | ||
| 650 | _aHindu legal-History | ||
| 999 |
_c427433 _d427433 |
||